Thực hành kế toán trong trường học
Nội dung tài liệu được thể hiện trong 783 trang nhằm giúp cho các trường học quản lý tốt các nguồn vốn, quỹ, nguồn kinh phí, vật tư, tài sản cố định...; đồng thời giúp cán bộ, nhân viên kế toán trong các trường học nắm vững chế độ ke...
Salvato in:
| Autore principale: | |
|---|---|
| Natura: | Libro |
| Lingua: | Undetermined |
| Pubblicazione: |
Hà Nội
Giáo dục
2008
|
| Soggetti: | |
| Tags: |
Aggiungi Tag
Nessun Tag, puoi essere il primo ad aggiungerne! !
|
| Thư viện lưu trữ: | Trung tâm Học liệu Trường Đại học Cần Thơ |
|---|
| LEADER | 00952nam a2200193Ia 4500 | ||
|---|---|---|---|
| 001 | CTU_131992 | ||
| 008 | 210402s9999 xx 000 0 und d | ||
| 020 | |c 265000 | ||
| 082 | |a 657.3 | ||
| 082 | |b L309 | ||
| 100 | |a Nguyễn, Duy Liễu | ||
| 245 | 0 | |a Thực hành kế toán trong trường học | |
| 260 | |a Hà Nội | ||
| 260 | |b Giáo dục | ||
| 260 | |c 2008 | ||
| 520 | |a Nội dung tài liệu được thể hiện trong 783 trang nhằm giúp cho các trường học quản lý tốt các nguồn vốn, quỹ, nguồn kinh phí, vật tư, tài sản cố định...; đồng thời giúp cán bộ, nhân viên kế toán trong các trường học nắm vững chế độ kế toán hiện hành. | ||
| 650 | |a Managerial accounting,Kế toán quản trị | ||
| 904 | |i Duy Bằng | ||
| 980 | |a Trung tâm Học liệu Trường Đại học Cần Thơ | ||